Informe sobre la situación de los derechos humanos en Centroamérica
| Autor Corporativo: | |
|---|---|
| Formato: | Libro |
| Lenguaje: | español |
| Publicado: |
San José, Costa Rica :
PROLITSA,
1995
|
| Materias: |
MARC
| LEADER | 00000nam a2200000Ia 4500 | ||
|---|---|---|---|
| 008 | 170531b1995 cr ||||| |||| 00| | spa d | ||
| 999 | |c 1283 |d 1283 | ||
| 090 | |a 04.02.01 |b 407 | ||
| 110 | 2 | |a Comisión para la Defensa de los Derechos Humanos en Centroamérica (CODEHUCA) |9 2879 | |
| 245 | 1 | 0 | |a Informe sobre la situación de los derechos humanos en Centroamérica |
| 260 | |a San José, Costa Rica : |b PROLITSA, |c 1995 | ||
| 300 | |a 94 páginas | ||
| 650 | 1 | 4 | |a DERECHOS HUMANOS |9 588 |
| 650 | 1 | 4 | |a CULTURA |9 378 |
| 650 | 1 | 4 | |a EDUCACIÓN PARA LA PAZ |9 726 |
| 942 | |i 001189 |h 04.02.01 407 |2 z |c 01 | ||
